| 000 | 00367nam a22001697a 4500 | ||
|---|---|---|---|
| 003 | UA-OsUOA | ||
| 001 | 2520 | ||
| 007 | ta | ||
| 008 | 20050721b un ||||| |||| 00| 0 ukr d | ||
| 100 | _aGold | ||
| 700 | _aSeymour M. | ||
| 942 | _cBK | ||
| 040 |
_aUA-OsUOA _cUA-OsUOA _dUA-OsUOA |
||
| 245 |
_aRecreation planning and design. _bCulture |
||
| 955 | _a2 | ||
| 650 | 7 | _2UDC | |
| 999 |
_c288682 _d288682 |
||